Catálogo

THREATS TO INTERNATIONAL FINANCIAL STABILITY (Registro nro. 4677)

Detalles MARC
000 -LEADER
fixed length control field 00425nam a2200145 a 4500
001 - CONTROL NUMBER
control field 4677
005 - DATE AND TIME OF LATEST TRANSACTION
control field 20180713184538.0
008 - FIXED-LENGTH DATA ELEMENTS--GENERAL INFORMATION
fixed length control field 140415s1987 000 0 spa d
041 ## - LANGUAGE CODE
Language code of text/sound track or separate title spa
082 ## - DEWEY DECIMAL CLASSIFICATION NUMBER
Classification number 332.04154
Item number THR
245 00 - TITLE STATEMENT
Title THREATS TO INTERNATIONAL FINANCIAL STABILITY
260 ## - PUBLICATION, DISTRIBUTION, ETC.
Place of publication, distribution, etc. [s.l.] :
Name of publisher, distributor, etc. CAMBRIDGE UNIVERSITY PRESS,
Date of publication, distribution, etc. 1987
300 ## - PHYSICAL DESCRIPTION
Extent 307
650 14 - SUBJECT ADDED ENTRY--TOPICAL TERM
Topical term or geographic name entry element CRISIS ECONOMICA
General subdivision FINANZAS INTERNACIONALES
Existencias
Withdrawn status Lost status Source of classification or shelving scheme Damaged status Not for loan Collection code Home library Current library Shelving location Date acquired Source of acquisition Inventory number Total Checkouts Total Renewals Full call number Barcode Date last seen Date last checked out Price effective from Koha item type
    Dewey Decimal Classification     General Biblioteca Karol Wojtyla Biblioteca Karol Wojtyla Sala general 03/12/2013 Compra 151000000000000000049198 1 1 332.04154 THR 16216 05/01/2026 15/01/2024 03/12/2013 Libro